000 00486nam a2200181Ia 4500
005 20250508151943.0
008 008 250505s9999 xx 000 0 eng d
037 _aTextual
040 _aFEDL
_beng
_cFEDL
041 _aeng
_2eng
084 _a572.7, LOW
_qFEDL
100 _aLowie Robert H
245 0 _aPrimitive society
260 _aLondon, UK
_bRoutledge and Kegan Paul Ltd
_c1953
300 _ax,453p
942 _cTEXL
_h572.7, LOW
999 _c1333186
_d1333186